00624 2200217 4500001002100000005001500021035002000036007000300056008004100059020002200100082001600122084002300138100001000161245003300171250001600204260006800220300004400288650002800332650002800360856001800388INLIS00000000000001920250710112301 a0010-0725000019ta250710 a 0 ind  a978-623-307-186-4 a398.209 598 a398.209 598 SAB b0 aSabir1 aBermain Teka - Teki /cSabir aEdisi Kedua aJakarta Timur :bBadan Pengembangan dan Pembinaan Bahasa,c2022 a24 hlm. :bilus. ;c29.7cme398.209 598 4aCerita Anak - indonesia 4aLiterasi - Bahan Bacaan aTBM As Suhada